Central government debt 1993-2002 statistical yearbook

Na minha lista:
Detalhes bibliográficos
Formato: Livro
Idioma:inglês
francês
Publicado em: Paris OECD 2004
Colecção:Statistics
Assuntos:
Tags: Adicionar Tag
Sem tags, seja o primeiro a adicionar uma tag!

MARC

LEADER 00000nam a2200000 4500
001 0021698
005 20240422122138.8
020 |a 92-64-01572-8 
041 0 |a eng 
041 0 |a fre 
044 |a FR 
245 1 0 |a Central government debt 1993-2002  |b statistical yearbook 
264 1 |a Paris  |b OECD  |c 2004 
300 |a 478 s. 
490 1 |a Statistics 
830 0 |a Statistics 
610 2 0 |a dlhy štátne 
610 2 0 |a zadlženosť 
610 2 0 |a štát 
610 2 0 |a vláda 
610 2 0 |a dlhy verejné 
610 2 0 |a údaje štatistické medzinárodné 
610 2 0 |a porovnanie štatistické medzinárodné 
610 2 0 |a 1993-2002